000 00766cab a2200241 4500
001 X86360
008 090401t1997 xxu||||| |||| 00| 0 eng d
035 _a(Sirsi) u80773
041 _aeng
245 _aChung Tak Lam and others v Torbay BC
260 _c1997
350 _a0
490 _aNew Property Cases
_v1997 NPC 135
520 _aCA 30 July 1997. Planning law-w whether planning authority owed common law duty of care to individuals injured by those with benefit of planning consent [Not to be photocopied].
650 _aCHEMICALS
650 _aCHUNG TAK LAM AND OTHERS V TORBAY BC
650 _aDUTY OF CARE
650 _aFUMES
650 _aRESTAURANT
690 _aPLANNING LAW AND PRACTICE-CASE LAW
942 _n0
948 _c10/09/1997
999 _c50863
_d50863